LEADER 01427oam 2200409 450 001 9910715258903321 005 20210323121751.0 035 $a(CKB)5470000002509434 035 $a(OCoLC)1232234533 035 $a(OCoLC)995470000002509434 035 $a(EXLCZ)995470000002509434 100 $a20210122j200810 ua 0 101 0 $aeng 135 $aur||||||||||| 181 $ctxt$2rdacontent 182 $cc$2rdamedia 183 $acr$2rdacarrier 200 10$aComparison of the isothermal oxidation behavior of as-cast Cu-17%Cr and Cu-17%Cr-5%A1$hpart 1$ioxidation kinetics /$fS.V. Raj 210 1$aCleveland, Ohio :$cNational Aeronautics and Space Administration, Glenn Research Center,$dOctober 2008. 215 $a1 online resource (18 pages, 1 unnumbered page) $cillustrations (mostly color) 225 1 $aNASA/TM ;$v2008-215284/PART1 300 $a"October 2008." 320 $aIncludes bibliographical references (pages 17-18). 606 $aOxidation$2nasat 606 $aAtmospheric pressure$2nasat 615 7$aOxidation. 615 7$aAtmospheric pressure. 700 $aRaj$b Sai V.$01389589 712 02$aNASA Glenn Research Center, 801 0$bGPO 801 1$bGPO 801 2$bOCLCO 801 2$bGPO 906 $aBOOK 912 $a9910715258903321 996 $aComparison of the isothermal oxidation behavior of as-cast Cu-17%Cr and Cu-17%Cr-5%A1$93527558 997 $aUNINA LEADER 01241nam0 22003131i 450 001 UON00284175 005 20231205103852.529 010 $a84-339-6246-9 100 $a20061121d2006 |0itac50 ba 101 $aspa 102 $aES 105 $a|||| ||||| 200 1 $aFuera de campo$eliteratura y arte argentinos despues de Duchamp$fGraciela Esperanza 210 $aBarcelona$cAnagrama$d2006 215 $a428 p.$cill.$d22 cm 410 1$1001UON00274879$12001 $aArgumentos$1210 $aBarcelona$cAnagrama$v351 423 1$1001UON00376783$12001 $aLiteratura y arte argentinos despues de Duchamp 606 $aDUCHAMP MARCEL$3UONC064270$2FI 606 $aLetteratura argentina $xCritica$3UONC048774$2FI 620 $aES$dBarcelona$3UONL003004 676 $aAr860$cLetteratura argentina$v21 700 1$aSPERANZA$bGraciela$3UONV169813$0693053 712 $aAnagrama$3UONV267476$4650 801 $aIT$bSOL$c20251017$gRICA 899 $aSIBA - SISTEMA BIBLIOTECARIO DI ATENEO$2UONSI 912 $aUON00284175 950 $aSIBA - SISTEMA BIBLIOTECARIO DI ATENEO$dSI Ar 860 c 013 $eSI DA 1535 5 013 $sBuono 996 $aFuera de campo$91245678 997 $aUNIOR